Equality and Human Rights Commission (Record no. 120633)

MARC details
000 -LEADER
fixed length control field 00921cai a22001815a 4500
001 - CONTROL NUMBER
control field L140644
008 - FIXED-LENGTH DATA ELEMENTS--GENERAL INFORMATION
fixed length control field 071003u xxk g 000 0 eng d
035 ## - SYSTEM CONTROL NUMBER
System control number (Sirsi) u140644
041 0# - LANGUAGE CODE
Language code of text/sound track or separate title eng
110 2# - MAIN ENTRY--CORPORATE NAME
Corporate name or jurisdiction name as entry element Equality and Human Rights Commission
9 (RLIN) 5366
245 00 - TITLE STATEMENT
Title Equality and Human Rights Commission
Medium [electronic resource]
520 ## - SUMMARY, ETC.
Summary, etc. Website for this new commission which replaces the three former equality commissions: the Commission for Racial Equality, the Disability Rights Commission and the Equal Opportunities Commission. Includes a section for businesses and organisations, publications and resources (covering disability, gender and race), and news and comment.
590 ## - LOCAL NOTE (RLIN)
Local note KA
651 #4 - SUBJECT ADDED ENTRY--GEOGRAPHIC NAME
Geographic name Great Britain
Chronological subdivision 1707-
690 ## - LOCAL SUBJECT ADDED ENTRY--TOPICAL TERM (OCLC, RLIN)
Topical term or geographic name as entry element MANAGEMENT-BUSINESS MANAGEMENT-DISCRIMINATION
856 40 - ELECTRONIC LOCATION AND ACCESS
Uniform Resource Identifier <a href="https://www.equalityhumanrights.com">https://www.equalityhumanrights.com</a>
Public note View the website free of charge at www.equalityhumanrights.com...
942 ## - ADDED ENTRY ELEMENTS (KOHA)
Suppress in OPAC 0
Holdings
Withdrawn status Lost status Source of classification or shelving scheme Damaged status Not for loan Home library Current library Shelving location Date acquired Total Checkouts Full call number Barcode Date last seen Copy number Price effective from Koha item type
    Dewey Decimal Classification     Virtual Virtual Online 03/10/2007   WEB SITE 140644-2001 06/08/2019 1 06/08/2019 Online material